[Event "Titled Tue 27th May Late"]
[Site "chess.com INT"]
[Date "2025.05.27"]
[Round "5"]
[White "Jiang, Andrew"]
[Black "Winkels, Marcel"]
[Result "1-0"]
[WhiteTitle "FM"]
[BlackTitle "CM"]
[WhiteElo "2301"]
[BlackElo "1918"]
[WhiteFideId "30953510"]
[BlackFideId "1003887"]
[EventDate "2025.05.27"]

1. Nf3 Nf6 2. b3 g6 3. Bb2 Bg7 4. g3 c5 5. Bg2 O-O 6. c4 Nc6 7. O-O d6 8. d4
cxd4 9. Nxd4 Bd7 10. Nc3 Nxd4 11. Qxd4 Bf5 12. Bxb7 Ne4 13. Qe3 Nxc3 14. Bxc3
Bxc3 15. Qxc3 Rb8 16. Bf3 Qc7 17. Rac1 Rfc8 18. Rfd1 Be6 19. h4 Qd7 20. h5 Bg4
21. h6 f6 22. Bd5+ Be6 23. Qe3 Bxd5 24. cxd5 Rc7 25. Rxc7 Qxc7 26. Rc1 Qd7 27.
Rc6 Rb6 28. Rxb6 axb6 29. Qe6+ Qxe6 30. dxe6 Kf8 31. a4 Ke8 32. Kf1 Kd8 33. e4
Kc7 34. Ke2 Kc6 35. b4 d5 36. exd5+ Kxd5 37. a5 bxa5 38. bxa5 Kc6 39. Kd3 Kb5
40. Kd4 Kxa5 41. Kc5 Ka6 42. Kc6 1-0

[Event "Titled Tue 27th May Late"]
[Site "chess.com INT"]
[Date "2025.05.27"]
[Round "5"]
[White "Nayak, Rajesh"]
[Black "Rose, Felix"]
[Result "1-0"]
[WhiteTitle "FM"]
[BlackTitle "CM"]
[WhiteElo "2286"]
[BlackElo "2093"]
[WhiteFideId "35017152"]
[BlackFideId "5105722"]
[EventDate "2025.05.27"]

1. Nf3 d5 2. g3 g6 3. Bg2 Bg7 4. O-O Nf6 5. d3 O-O 6. c3 c5 7. Qa4 Nc6 8. Qh4
Re8 9. Bh6 Bh8 10. Ng5 e5 11. e4 d4 12. Na3 a6 13. c4 Qe7 14. f4 Ng4 15. f5 Nxh6
16. Qxh6 f6 17. fxg6 hxg6 18. Qxg6+ Bg7 19. Rxf6 Qxf6 20. Qxe8+ Bf8 21. Rf1 Qg7
22. Rf7 Qh6 23. Rh7 Qd6 24. Qf7# 1-0

[Event "Titled Tue 27th May Late"]
[Site "chess.com INT"]
[Date "2025.05.27"]
[Round "5"]
[White "Sukandar, Irine Kharisma"]
[Black "Fascio Outerbridge, Arno Augusto"]
[Result "0-1"]
[WhiteTitle "IM"]
[BlackTitle "CM"]
[WhiteElo "2330"]
[BlackElo "2060"]
[WhiteFideId "7101937"]
[BlackFideId "6610862"]
[EventDate "2025.05.27"]

1. Nf3 c5 2. b3 Nf6 3. Bb2 e6 4. e3 b6 5. d4 Bb7 6. Bd3 d5 7. O-O Bd6 8. Nbd2
Nbd7 9. Ne5 O-O 10. f4 a6 11. Qf3 b5 12. Nxd7 Nxd7 13. Qh3 g6 14. dxc5 Bxc5 15.
Kh1 Re8 16. e4 Bf8 17. f5 exf5 18. exf5 Ne5 19. fxg6 fxg6 20. Bd4 Bc8 21. Rxf8+
Rxf8 22. Qh6 Qc7 23. Re1 Ng4 24. Qg5 Qxh2# 0-1

[Event "Titled Tue 27th May Late"]
[Site "chess.com INT"]
[Date "2025.05.27"]
[Round "5"]
[White "Efimov, Leonid"]
[Black "Sobek, Jaroslav"]
[Result "1-0"]
[WhiteTitle "FM"]
[BlackTitle "FM"]
[WhiteElo "2260"]
[BlackElo "2195"]
[WhiteFideId "54165725"]
[BlackFideId "301388"]
[EventDate "2025.05.27"]

1. c4 c5 2. Nf3 Nf6 3. g3 d5 4. cxd5 Nxd5 5. Bg2 Nc6 6. O-O e5 7. e3 Be7 8. d4
exd4 9. exd4 cxd4 10. Nxd4 O-O 11. Nxc6 bxc6 12. Qc2 Nb4 13. Qa4 Bf5 14. Na3 Qc8
15. Be3 Bh3 16. Rfd1 Bxg2 17. Kxg2 Qe6 18. Qb3 Qe4+ 19. Kg1 Rfd8 20. Qc4 Qf5 21.
Rxd8+ Rxd8 22. Rf1 h5 23. h4 Qg6 24. Nb1 Nd5 25. Bxa7 Bd6 26. Qxc6 1-0

[Event "Titled Tue 27th May Late"]
[Site "chess.com INT"]
[Date "2025.05.27"]
[Round "5"]
[White "Nicula, Marius"]
[Black "Jagirapu, Harshin Reddy"]
[Result "0-1"]
[WhiteTitle "FM"]
[WhiteElo "2155"]
[BlackElo "2042"]
[WhiteFideId "1203096"]
[BlackFideId "39910679"]
[EventDate "2025.05.27"]

1. Nf3 d5 2. b3 Nf6 3. Bb2 e6 4. e3 Be7 5. g3 O-O 6. Bg2 c5 7. O-O Nc6 8. d4 b6
9. c4 Bb7 10. Nc3 Rc8 11. Ne5 Bd6 12. cxd5 exd5 13. Nxd5 Bxe5 14. dxe5 Nxd5 15.
Qxd5 Ba8 16. Qxd8 Rfxd8 17. Rfd1 Nb4 18. Bxa8 Rxa8 19. a3 Nc6 20. Kf1 Na5 21. b4
Nb3 22. Rxd8+ Rxd8 23. Ra2 Rd2 24. Ke1 c4 0-1

[Event "Titled Tue 27th May Late"]
[Site "chess.com INT"]
[Date "2025.05.27"]
[Round "5"]
[White "Sroczynski, Maciej"]
[Black "Garcia Correa, Jose Ricardo"]
[Result "1-0"]
[WhiteTitle "FM"]
[BlackTitle "FM"]
[WhiteElo "2236"]
[BlackElo "2103"]
[WhiteFideId "1121472"]
[BlackFideId "5101832"]
[EventDate "2025.05.27"]

1. e4 e5 2. Nf3 Nc6 3. Bb5 a6 4. Ba4 Nf6 5. O-O Be7 6. Re1 b5 7. Bb3 O-O 8. h3
d6 9. c3 Na5 10. Bc2 c5 11. d4 Nc6 12. d5 Nb8 13. Nbd2 Re8 14. a4 Bb7 15. Nf1 h6
16. Ng3 Bf8 17. Nf5 Nbd7 18. Nh2 Nb6 19. Qf3 bxa4 20. Bxa4 Nxa4 21. Rxa4 Bc8 22.
g4 Bd7 23. Ra1 Bxf5 24. gxf5 Kh7 25. Kh1 Be7 26. Rg1 Rg8 27. Qe2 Qb6 28. f3 Qb5
29. c4 Qb8 30. f4 Nd7 31. Ng4 Bf6 32. Ra3 exf4 33. Bxf4 Bd4 34. Rg2 Ne5 35. Rag3
Nxg4 36. hxg4 Qb7 37. g5 Rab8 38. gxh6 gxh6 39. Qh5 Bg7 40. Rxg7+ Rxg7 41. Qxh6+ 1-0

[Event "Titled Tue 27th May Late"]
[Site "chess.com INT"]
[Date "2025.05.27"]
[Round "5"]
[White "Kovacsy, Barnabas"]
[Black "Marchesich, Giovanni"]
[Result "0-1"]
[WhiteTitle "FM"]
[BlackTitle "CM"]
[WhiteElo "2252"]
[BlackElo "2219"]
[WhiteFideId "769290"]
[BlackFideId "2824790"]
[EventDate "2025.05.27"]

1. e4 d5 2. exd5 Qxd5 3. Nc3 Qe5+ 4. Be2 c6 5. Nf3 Qc7 6. O-O Bf5 7. d4 e6 8.
Ne5 Nf6 9. Bf4 Bd6 10. Bd3 Bxd3 11. Qxd3 Nbd7 12. Rfe1 O-O 13. Ne4 Nxe4 14. Qxe4
Bxe5 15. Bxe5 Nxe5 16. dxe5 Rad8 17. Rad1 Rd5 18. c4 Rxd1 19. Rxd1 Rd8 20. Rd4
g6 21. Qd3 Rxd4 22. Qxd4 c5 23. Qe3 Qd7 24. g3 b6 25. h4 h5 26. Kg2 Qd1 27. Qc3
Kg7 28. a3 a5 29. Qf3 Qd4 30. Qd3 Qxd3 31. Kh2 Qxc4 32. Kh1 Qb3 33. Kh2 Qxb2 34.
Kh1 Qxa3 35. Kh2 Qa4 36. Kh1 b5 37. Kh2 b4 38. Kh1 b3 39. Kh2 b2 40. Kh1 b1=Q+
41. Kh2 Qae4 42. f4 Qbh1# 0-1

[Event "Titled Tue 27th May Late"]
[Site "chess.com INT"]
[Date "2025.05.27"]
[Round "5"]
[White "Rees, Ioan"]
[Black "Schexnaydre, Benson"]
[Result "1-0"]
[WhiteTitle "FM"]
[WhiteElo "2288"]
[BlackElo "2103"]
[WhiteFideId "1801236"]
[BlackFideId "30935547"]
[EventDate "2025.05.27"]

1. Nf3 g6 2. d4 Bg7 3. c4 d6 4. Nc3 c5 5. g3 cxd4 6. Nxd4 Nc6 7. Nxc6 bxc6 8.
Bg2 Bd7 9. O-O Nf6 10. c5 d5 11. e4 dxe4 12. Nxe4 O-O 13. Nxf6+ Bxf6 14. Bh6
Bxb2 15. Rb1 Bg7 16. Bxg7 Kxg7 17. Rb7 Be6 18. Bxc6 Qxd1 19. Rxd1 Rfc8 20. Bd5
Rd8 21. Bf3 Rxd1+ 22. Bxd1 Bxa2 23. Rxe7 a5 24. Bf3 Rc8 25. c6 a4 26. Ra7 Bb3
27. c7 Bc4 28. Bc6 a3 29. Bd7 1-0

[Event "Titled Tue 27th May Late"]
[Site "chess.com INT"]
[Date "2025.05.27"]
[Round "5"]
[White "Bogaudinov, Rushan"]
[Black "Do Carmo, Gabriel Carckeno"]
[Result "1-0"]
[WhiteTitle "FM"]
[WhiteElo "1912"]
[BlackElo "2021"]
[WhiteFideId "4129288"]
[BlackFideId "22783024"]
[EventDate "2025.05.27"]

1. d4 d5 2. g3 Nf6 3. Bg2 e6 4. Nf3 Be7 5. O-O O-O 6. b3 b6 7. Bb2 Bb7 8. e3 c5
9. c4 Nc6 10. cxd5 exd5 11. dxc5 bxc5 12. Nc3 Rc8 13. Rc1 Qd7 14. Na4 Ba6 15.
Re1 c4 16. Nd4 Nxd4 17. Qxd4 Rfd8 18. Red1 Bf8 19. Qh4 Be7 20. Bh3 Qb5 21. Bxc8
Bxc8 22. Qd4 Bg4 23. Re1 Bf3 24. Qf4 Be4 25. Nc3 Qb7 26. Nxe4 Nxe4 27. Red1 Bg5
28. Qg4 g6 29. h4 h5 30. Qe2 Be7 31. bxc4 Qd7 32. Rxd5 Qh3 33. Rxd8+ Bxd8 34.
Qd3 Bf6 35. Qxe4 Bxb2 36. Rb1 Bf6 37. c5 1-0

[Event "Titled Tue 27th May Late"]
[Site "chess.com INT"]
[Date "2025.05.27"]
[Round "5"]
[White "Arkell, Keith C"]
[Black "Yushko, Olga"]
[Result "1-0"]
[WhiteTitle "GM"]
[BlackTitle "WFM"]
[WhiteElo "2342"]
[BlackElo "2036"]
[WhiteFideId "400270"]
[BlackFideId "14114500"]
[EventDate "2025.05.27"]

1. d4 Nf6 2. Nf3 e6 3. c4 d5 4. cxd5 exd5 5. Nc3 c6 6. Qc2 Be7 7. Bg5 O-O 8. e3
Nbd7 9. Bd3 Re8 10. O-O Ne4 11. Bf4 Nxc3 12. bxc3 Nf6 13. Ne5 Bd6 14. h3 h6 15.
c4 dxc4 16. Bxc4 Be6 17. Bxe6 Rxe6 18. Rab1 Qc7 19. Nd3 Re7 20. Bxd6 Qxd6 21.
Rfc1 Ne4 22. Nc5 Nxc5 23. Qxc5 Qe6 24. a4 Kh8 25. a5 a6 26. Rb2 f5 27. Rcb1 Qf7
28. Rb6 Rd8 29. Qb4 Rdd7 30. Qb3 Qxb3 31. R6xb3 Kh7 32. g3 Kg6 33. h4 Kf6 34.
Kg2 g5 35. Rh1 g4 36. Kf1 Rd5 37. Ra3 Rb5 38. Ra2 Rd7 39. Kg2 Rdd5 40. Rha1 Rb3
41. Rc2 Rdb5 42. Kf1 Ke6 43. Ke2 Kd5 44. Ra4 Rb2 45. Rxb2 Rxb2+ 46. Kf1 Ke4 47.
Kg2 Kd3 48. Ra1 Kc4 49. Rc1+ Kd3 50. Rc5 Rb5 51. Re5 Kc4 52. Re6 Rxa5 53. Rxh6
Rb5 54. Rh7 a5 55. Rh8 a4 56. Ra8 Kb4 57. h5 Ra5 58. Rxa5 Kxa5 59. h6 a3 60. h7
a2 61. h8=Q a1=Q 62. Qa8+ Kb4 63. Qxa1 Kc4 64. Qc1+ 1-0

[Event "Titled Tue 27th May Late"]
[Site "chess.com INT"]
[Date "2025.05.27"]
[Round "5"]
[White "Navoyan, Gagik"]
[Black "Fadi, Marko"]
[Result "1-0"]
[WhiteTitle "CM"]
[BlackTitle "FM"]
[WhiteElo "2186"]
[BlackElo "2244"]
[WhiteFideId "13314866"]
[BlackFideId "10605371"]
[EventDate "2025.05.27"]

1. e4 c5 2. Nf3 Nc6 3. Bb5 Nd4 4. Nxd4 cxd4 5. O-O a6 6. Bc4 e6 7. d3 b5 8. Bb3
Bb7 9. f4 Nf6 10. Nd2 Bc5 11. Nf3 Ng4 12. h3 Ne3 13. Bxe3 dxe3 14. d4 Bb6 15.
Qd3 O-O 16. Qxe3 f5 17. e5 h6 18. c3 Kh8 19. Kh1 Qe7 20. Rad1 Be4 21. Qe2 g5 22.
Nd2 Bb7 23. Qh5 Rf7 24. Nf3 gxf4 25. Qxh6+ Rh7 26. Qxf4 Rg8 27. d5 Rg4 28. Qh2
Be3 29. dxe6 dxe6 30. Rd6 Bf4 31. Rxe6 Qxe6 32. Bxe6 Bxh2 33. Bxf5 Bxf3 34. Rxf3
Rg3 35. Bxh7 Rxf3 36. gxf3 Bxe5 37. Be4 a5 38. a3 Bf4 39. b3 Bc1 40. a4 1-0

[Event "Titled Tue 27th May Late"]
[Site "chess.com INT"]
[Date "2025.05.27"]
[Round "5"]
[White "Topuz, Mirac Melih"]
[Black "Moreira, Ronaldo Alonso"]
[Result "0-1"]
[WhiteTitle "CM"]
[WhiteElo "2130"]
[BlackElo "2097"]
[WhiteFideId "26364611"]
[BlackFideId "2110547"]
[EventDate "2025.05.27"]

1. d4 Nf6 2. f3 d5 3. Kf2 c5 4. c3 Nc6 5. dxc5 e6 6. b4 a5 7. Bd2 axb4 8. cxb4
Ne4+ 9. fxe4 Qf6+ 10. Nf3 Qxa1 11. exd5 exd5 12. a3 Rxa3 13. e3 Bf5 14. b5 Qxb1
15. Qxb1 Bxb1 16. bxc6 bxc6 17. Be2 Be4 18. Rc1 Ra2 19. Bc3 Bd3 20. Nd2 Bxe2 21.
Kxe2 Bxc5 22. Rb1 O-O 23. Rb7 Re8 24. e4 Rxe4+ 25. Kd1 Re8 26. Rc7 d4 27. Ne4
dxc3 28. Nxc5 c2+ 29. Kd2 c1=Q+ 30. Kxc1 Re1# 0-1

[Event "Titled Tue 27th May Late"]
[Site "chess.com INT"]
[Date "2025.05.27"]
[Round "5"]
[White "Yang, Daniel"]
[Black "Wuebker, Paul-Luca"]
[Result "0-1"]
[WhiteTitle "CM"]
[BlackTitle "CM"]
[WhiteElo "2213"]
[BlackElo "2244"]
[WhiteFideId "30976340"]
[BlackFideId "12939528"]
[EventDate "2025.05.27"]

1. Nf3 Nc6 2. d4 d6 3. e4 Nf6 4. Bd3 g6 5. c3 Bg7 6. O-O O-O 7. Re1 a6 8. Nbd2
b5 9. a4 b4 10. Nf1 a5 11. e5 dxe5 12. dxe5 Nd5 13. Be4 e6 14. Ne3 Nxe3 15. Bxe3
Bb7 16. Bc5 Qxd1 17. Raxd1 Rfb8 18. Rd7 bxc3 19. Rxc7 cxb2 20. Rb1 Nd8 21. Re7
Bxe4 22. Re8+ Bf8 23. Bxf8 Nc6 24. Bd6+ Rxe8 25. Rxb2 Rab8 26. Bxb8 Rxb8 27.
Rxb8+ Nxb8 28. Nd4 Bc6 29. Nb3 Bxa4 30. Nxa5 Nc6 31. Nc4 Bb3 32. Nd2 Bd5 33. f4
Kf8 34. Kf2 Ke7 35. g4 Kd7 36. Ke3 Kc7 37. Kd3 Kb6 38. Nf1 Kc5 39. h4 Bc4+ 0-1

[Event "Titled Tue 27th May Late"]
[Site "chess.com INT"]
[Date "2025.05.27"]
[Round "5"]
[White "Raptis, Nick"]
[Black "Chocenka, Dmitrijus"]
[Result "0-1"]
[WhiteTitle "FM"]
[BlackTitle "FM"]
[WhiteElo "2220"]
[BlackElo "2304"]
[WhiteFideId "2016850"]
[BlackFideId "12802336"]
[EventDate "2025.05.27"]

1. d4 Nf6 2. Nc3 d5 3. Bg5 Nbd7 4. Nf3 c6 5. e3 h6 6. Bh4 Qa5 7. Bd3 Ne4 8. O-O
f5 9. Ne5 Nxe5 10. dxe5 g6 11. f4 Qb6 12. Bxe4 dxe4 13. Qd4 Qxd4 14. exd4 Be6
15. Rfd1 O-O-O 16. Bf2 g5 17. Be3 Rg8 18. Kf2 Bf7 19. Rd2 e6 20. Na4 Be7 21. Nc5
gxf4 22. Bxf4 Rxd4 23. Rxd4 Bxc5 24. Be3 f4 25. Rxe4 Bxe3+ 26. Kf1 Rd8 27. g3
Bg6 28. Rc4 f3 29. Re1 Bb6 30. Rf4 f2 31. Rc1 Rd2 32. Rf6 Bxc2 0-1

[Event "Titled Tue 27th May Late"]
[Site "chess.com INT"]
[Date "2025.05.27"]
[Round "5"]
[White "Pakleza, Zbigniew"]
[Black "Khalafova, Narmin"]
[Result "1-0"]
[WhiteTitle "GM"]
[BlackTitle "WGM"]
[WhiteElo "2484"]
[BlackElo "2248"]
[WhiteFideId "1119290"]
[BlackFideId "13402625"]
[EventDate "2025.05.27"]

1. g3 g6 2. d3 Bg7 3. e3 d6 4. c3 e5 5. b3 f5 6. f3 Nf6 7. a3 O-O 8. h3 c5 9.
Ne2 Nc6 10. Bg2 Be6 11. O-O Qd7 12. Kh2 d5 13. Nd2 Rae8 14. Re1 g5 15. Bb2 Nh5
16. b4 f4 17. exf4 exf4 18. g4 Ng3 19. Nxg3 fxg3+ 20. Kxg3 cxb4 21. axb4 Nxb4
22. Nb3 Qd6+ 23. Kf2 Qb6+ 24. d4 Nc6 25. Ba3 Rf4 26. Kf1 Qb5+ 27. Kg1 Bf7 28.
Rxe8+ Bxe8 29. Bc1 Rf8 30. Bxg5 Bg6 31. Nc5 Re8 32. f4 Qc4 33. Rc1 b6 34. Nb7
Re3 35. f5 Bf7 36. Bxe3 1-0

[Event "Titled Tue 27th May Late"]
[Site "chess.com INT"]
[Date "2025.05.27"]
[Round "5"]
[White "Aronian, Levon"]
[Black "Vakhidov, Jakhongir"]
[Result "1-0"]
[WhiteTitle "GM"]
[BlackTitle "GM"]
[WhiteElo "2747"]
[BlackElo "2546"]
[WhiteFideId "13300474"]
[BlackFideId "14201801"]
[EventDate "2025.05.27"]

1. d4 Nf6 2. Nf3 g6 3. e3 Bg7 4. Be2 O-O 5. O-O d5 6. b4 a5 7. b5 c5 8. bxc6
Nxc6 9. Nc3 Bf5 10. Bd3 Bg4 11. Nb5 e5 12. Be2 Bxf3 13. Bxf3 exd4 14. exd4 Ne4
15. a4 Rc8 16. Bxe4 dxe4 17. Ba3 Re8 18. Nd6 Nxd4 19. Rb1 Be5 20. Nxe8 Nf3+ 21.
Kh1 Qh4 22. h3 Qf4 23. g3 Qf5 24. Kg2 Rxe8 25. Rxb7 Kg7 26. Qd7 Re6 27. Qd8 Kh6
28. Qf8+ Bg7 29. Qxf7 Rf6 30. Qxg7+ Kg5 31. Bc1+ 1-0

[Event "Titled Tue 27th May Late"]
[Site "chess.com INT"]
[Date "2025.05.27"]
[Round "5"]
[White "Ruchinskaya, Valerie"]
[Black "Brooks, Paul"]
[Result "0-1"]
[WhiteTitle "WCM"]
[BlackTitle "CM"]
[WhiteElo "1908"]
[BlackElo "1908"]
[WhiteFideId "2631440"]
[BlackFideId "7400616"]
[EventDate "2025.05.27"]

1. d4 Nf6 2. c4 e5 3. dxe5 Ng4 4. Nf3 Bc5 5. e3 Nc6 6. Be2 Ngxe5 7. O-O O-O 8.
Nxe5 Nxe5 9. f4 Nc6 10. Bd3 d6 11. Nc3 Re8 12. Qf3 Be6 13. a3 Na5 14. b4 Qf6 15.
Bb2 Bxc4 16. Bxc4 Nxc4 17. bxc5 Nxb2 18. Nd5 Qd8 19. Rab1 Nc4 20. Qe2 Na5 21.
cxd6 Qxd6 22. Rfd1 Rad8 23. Qa2 c6 24. Nc3 Qc5 25. Na4 Qxe3+ 26. Kh1 Rxd1+ 27.
Rxd1 Qe1+ 0-1

[Event "Titled Tue 27th May Late"]
[Site "chess.com INT"]
[Date "2025.05.27"]
[Round "5"]
[White "Wagner, Dennis"]
[Black "Aadit, Bhatia"]
[Result "1-0"]
[WhiteTitle "GM"]
[WhiteElo "2616"]
[BlackElo "2122"]
[WhiteFideId "24650684"]
[BlackFideId "25088955"]
[EventDate "2025.05.27"]

1. e4 e5 2. Nf3 Nc6 3. Bc4 Bc5 4. c3 d6 5. a4 a5 6. d3 Bb6 7. O-O h6 8. Qb3 Qf6
9. Be3 Ba7 10. Nbd2 Nge7 11. Bxa7 Rxa7 12. Rfe1 g5 13. g3 h5 14. h4 gxh4 15.
Nxh4 Ng6 16. Ndf3 Bg4 17. Re3 Nd8 18. d4 Ne6 19. dxe5 Nxe5 20. Nxe5 dxe5 21. f3
Qg5 22. Kf2 Qf6 23. Ke2 Bh3 24. Rh1 Nf4+ 25. gxf4 Qxh4 26. Qb5+ c6 27. Qxe5+ Kd7
28. Rd3+ Kc8 29. Qxh8+ Kc7 30. Qe5+ Kb6 31. Qd4+ Kc7 32. Rxh3 Qxh3 33. Qd8# 1-0

[Event "Titled Tue 27th May Late"]
[Site "chess.com INT"]
[Date "2025.05.27"]
[Round "5"]
[White "Mgeladze, Tamaz"]
[Black "Eljanov, Pavel"]
[Result "0-1"]
[WhiteTitle "IM"]
[BlackTitle "GM"]
[WhiteElo "2388"]
[BlackElo "2668"]
[WhiteFideId "13601202"]
[BlackFideId "14102951"]
[EventDate "2025.05.27"]

1. c4 e6 2. g3 d5 3. Bg2 dxc4 4. Nf3 Nd7 5. O-O a6 6. Qc2 Ngf6 7. Qxc4 b5 8. Qc2
Bb7 9. a4 c5 10. d3 Be7 11. Nc3 Qb6 12. Qb3 b4 13. a5 Qc7 14. Nb1 O-O 15. Nbd2
Bd5 16. Nc4 Qb7 17. e4 Bc6 18. Nfe5 Nxe5 19. Nxe5 Bb5 20. Nc4 Rad8 21. Be3 Nd7
22. e5 Bc6 23. Bxc6 Qxc6 24. f4 Nb8 25. Rad1 Qc7 26. Qa4 Nc6 27. Nb6 Nd4 28. Rf2
g6 29. Nc4 Qb7 30. Bxd4 Rxd4 31. Qc2 Rfd8 32. Qe2 h5 33. b3 Kg7 34. Qf3 Qd5 35.
Qxd5 exd5 36. Ne3 c4 37. dxc4 Rxd1+ 38. Nxd1 dxc4 39. Rf1 c3 40. Nf2 Bc5 41. Kg2
Rd2 0-1

[Event "Titled Tue 27th May Late"]
[Site "chess.com INT"]
[Date "2025.05.27"]
[Round "5"]
[White "Arya G Mallar"]
[Black "Zuferi, Enis"]
[Result "0-1"]
[WhiteTitle "WCM"]
[BlackTitle "FM"]
[WhiteElo "2014"]
[BlackElo "2351"]
[WhiteFideId "25115324"]
[BlackFideId "24692530"]
[EventDate "2025.05.27"]

1. c4 e5 2. Nc3 Nf6 3. g3 Bb4 4. Bg2 O-O 5. e4 Bxc3 6. bxc3 c6 7. Ne2 d5 8. cxd5
cxd5 9. exd5 Nxd5 10. d4 exd4 11. cxd4 Nc6 12. O-O Bg4 13. Bb2 Re8 14. Re1 Qd7
15. Qd2 Rad8 16. Nf4 Nxf4 17. Qxf4 Be6 18. d5 Bxd5 19. Red1 Qe6 20. Qg5 Ne5 21.
f4 f6 22. Qh5 Bxg2 23. Kxg2 Qc6+ 24. Kh3 Qc8+ 25. f5 Nd3 26. Ba3 Qc3 0-1

[Event "Titled Tue 27th May Late"]
[Site "chess.com INT"]
[Date "2025.05.27"]
[Round "5"]
[White "Kalyani Sirin"]
[Black "Butti, Enrique"]
[Result "0-1"]
[WhiteTitle "WFM"]
[BlackTitle "CM"]
[WhiteElo "2136"]
[BlackElo "1998"]
[WhiteFideId "33323500"]
[BlackFideId "3700470"]
[EventDate "2025.05.27"]

1. e4 c5 2. Nf3 d6 3. d4 cxd4 4. Qxd4 a6 5. c4 Nc6 6. Qe3 g6 7. Nc3 Bh6 8. Qe2
Bg7 9. Qe3 Bg4 10. Be2 Bxf3 11. Bxf3 Nf6 12. O-O O-O 13. b3 Nd7 14. Bb2 Qa5 15.
Rab1 b5 16. b4 Qxb4 17. Nd5 Qc5 18. Bxg7 Qxe3 19. Nxe3 Kxg7 20. cxb5 axb5 21.
Rxb5 Rxa2 22. Rb7 Nde5 23. Bd1 e6 24. f4 Nd3 25. Bb3 Re2 26. Nc4 Nd4 27. Nxd6
Nc5 28. Bd1 Nxb7 29. Nxb7 Rxe4 30. Nc5 Re3 31. g3 Rc8 32. Nd7 Rc1 33. Ne5 Ra3
34. Kf2 Raa1 35. Ke3 Rxd1 0-1

[Event "Titled Tue 27th May Late"]
[Site "chess.com INT"]
[Date "2025.05.27"]
[Round "5"]
[White "Reinecke, Katharina"]
[Black "Lazaro Azcutia, Miguel"]
[Result "0-1"]
[WhiteTitle "WCM"]
[BlackTitle "CM"]
[WhiteElo "1921"]
[BlackElo "2275"]
[WhiteFideId "12929727"]
[BlackFideId "54538254"]
[EventDate "2025.05.27"]

1. e4 e5 2. Nc3 Nc6 3. f4 exf4 4. d3 Bb4 5. Bxf4 Nge7 6. Nf3 d5 7. Bd2 O-O 8. e5
d4 9. Nb5 Bxd2+ 10. Qxd2 Ng6 11. O-O-O a6 12. Na3 Be6 13. Ng5 Bd5 14. e6 fxe6
15. Ne4 b5 16. Be2 Qe7 17. Rhf1 Bxa2 18. Rxf8+ Rxf8 19. Rf1 Rxf1+ 20. Bxf1 Bd5
21. g3 Bxe4 22. dxe4 h6 23. Bh3 Nge5 24. c3 d3 25. Nb1 Qf6 26. Qe1 Qg5+ 27. Nd2
Kf7 28. Qf2+ Ke7 29. Bg2 Nc4 30. Qc5+ Qxc5 31. e5 Qe3 32. Bxc6 Qxd2+ 33. Kb1
Qxb2# 0-1

[Event "Titled Tue 27th May Late"]
[Site "chess.com INT"]
[Date "2025.05.27"]
[Round "5"]
[White "Jahnz, Laurin"]
[Black "Gustafsson, Jan"]
[Result "1-0"]
[WhiteTitle "CM"]
[BlackTitle "GM"]
[WhiteElo "2233"]
[BlackElo "2591"]
[WhiteFideId "16261089"]
[BlackFideId "4625498"]
[EventDate "2025.05.27"]

1. e4 e5 2. d4 exd4 3. Qxd4 Nc6 4. Qe3 Nf6 5. Nc3 Bb4 6. Bd2 O-O 7. O-O-O Re8 8.
Qf4 d6 9. f3 a5 10. a3 Bc5 11. h4 Nd4 12. h5 Bd7 13. Qg3 b5 14. h6 g6 15. Bg5
Ne6 16. Bh4 Be3+ 17. Kb1 Bf4 18. Qf2 c6 19. Nge2 b4 20. Nxf4 bxc3 21. Nxe6 Rxe6
22. Bc4 Qb8 23. b3 d5 24. exd5 cxd5 25. Bxd5 Nxd5 26. Rxd5 Rb6 27. Rxd7 Rxb3+
28. cxb3 Qxb3+ 29. Ka1 c2 30. Qc5 Rb8 31. Rd8+ Rxd8 32. Bxd8 f6 33. Rc1 1-0

[Event "Titled Tue 27th May Late"]
[Site "chess.com INT"]
[Date "2025.05.27"]
[Round "5"]
[White "Skramstad, Oda Kofoed"]
[Black "Buchenau, Frank"]
[Result "0-1"]
[WhiteTitle "WCM"]
[BlackTitle "FM"]
[WhiteElo "1898"]
[BlackElo "2190"]
[WhiteFideId "1564862"]
[BlackFideId "4604350"]
[EventDate "2025.05.27"]

1. e4 e6 2. d4 d5 3. Nd2 Nf6 4. e5 Nfd7 5. Bd3 c5 6. c3 b6 7. Ne2 Ba6 8. Nf3
Bxd3 9. Qxd3 c4 10. Qd1 Nc6 11. O-O Be7 12. Ng3 h5 13. h3 h4 14. Ne2 b5 15. Bd2
a5 16. Qc1 b4 17. Bg5 Rb8 18. Rb1 a4 19. Bxe7 Qxe7 20. b3 Nb6 21. Qc2 axb3 22.
axb3 O-O 23. bxc4 Nxc4 24. Nd2 Na3 25. Qd3 Nxb1 26. Rxb1 bxc3 27. Qxc3 Rxb1+ 28.
Nxb1 Qb4 29. Qxc6 Qxb1+ 30. Kh2 Qb2 31. Qa6 Qd2 32. g3 hxg3+ 33. Kxg3 Qg5+ 34.
Kh2 Qf5 35. Kg2 Qe4+ 36. Kg3 Qg6+ 37. Kh2 Kh7 38. Nf4 Qf5 39. Kg3 Rb8 40. Qa3
Rb1 41. Qd3 Qxd3+ 42. Nxd3 Rd1 43. Nf4 Rxd4 44. Kf3 Ra4 45. Kg2 Rxf4 0-1

[Event "Titled Tue 27th May Late"]
[Site "chess.com INT"]
[Date "2025.05.27"]
[Round "5"]
[White "Avila Bautista, Roberto Al"]
[Black "Hernandez Bonilla, Amelia"]
[Result "1-0"]
[WhiteTitle "FM"]
[BlackTitle "WFM"]
[WhiteElo "2306"]
[BlackElo "1976"]
[WhiteFideId "5119987"]
[BlackFideId "3900193"]
[EventDate "2025.05.27"]

1. Nf3 c5 2. c4 e6 3. g3 Nf6 4. Bg2 Be7 5. O-O O-O 6. b3 Nc6 7. Bb2 d5 8. cxd5
exd5 9. d4 b6 10. Nc3 Bb7 11. Rc1 Rc8 12. e3 Ba6 13. Re1 Nb4 14. Ne5 Bd6 15. a3
cxd4 16. exd4 Nc6 17. Nxd5 Nxd5 18. Nxc6 Qg5 19. h4 Qf5 20. Qf3 Qxf3 21. Bxf3
Nf6 22. Nxa7 Rxc1 23. Rxc1 Re8 24. Nc6 h6 25. Ne5 Rc8 26. Rxc8+ Bxc8 27. Be2 Nd7
28. Bc4 Nxe5 29. dxe5 Bc5 30. b4 Be7 31. Bd4 Bd8 32. a4 Kf8 33. Bc3 Ke7 34. a5
bxa5 35. bxa5 Bb7 36. a6 Ba8 37. Bb4+ Ke8 38. Bb5+ 1-0